Tử huyệt cảm xúc
Sách chứa đựng hàng trăm ví dụ từ cuộc sống hằng ngày của chính chúng ta, để chứng minh cho chúng ta thấy tầm quan trọng của sự thôi miên cảm xúc cũng như hiệu quả vô song của kỹ thuật này trong việc đạt được những kết quả bạn mong muốn....
Αποθηκεύτηκε σε:
| Κύριος συγγραφέας: | |
|---|---|
| Άλλοι συγγραφείς: | |
| Μορφή: | Βιβλίο |
| Γλώσσα: | Vietnamese |
| Έκδοση: |
H.
Thông tin và Truyền thông
2017
|
| Θέματα: | |
| Ετικέτες: |
Προσθήκη ετικέτας
Δεν υπάρχουν, Καταχωρήστε ετικέτα πρώτοι!
|
| Thư viện lưu trữ: | Thư viện Trường Đại học Nam Cần Thơ |
|---|
| LEADER | 01304nam a22002177a 4500 | ||
|---|---|---|---|
| 001 | NCT_64083 | ||
| 008 | 190510b xxu||||| |||| 00| 0 vie d | ||
| 999 | |c 3100 |d 3100 | ||
| 020 | |a 9786048006594 |c 149000 | ||
| 082 | 0 | 4 | |2 23rd ed. |a 158.1 |b G234 |
| 100 | 1 | |a Garn, Roy | |
| 245 | 1 | 0 | |a Tử huyệt cảm xúc |c Roy Garn ; Phan Khánh Nguyễn Đan (dịch) |
| 260 | |a H. |b Thông tin và Truyền thông |c 2017 | ||
| 300 | |a 384 tr. |c 24cm | ||
| 520 | 3 | |a Sách chứa đựng hàng trăm ví dụ từ cuộc sống hằng ngày của chính chúng ta, để chứng minh cho chúng ta thấy tầm quan trọng của sự thôi miên cảm xúc cũng như hiệu quả vô song của kỹ thuật này trong việc đạt được những kết quả bạn mong muốn. | |
| 653 | |a Sách tham khảo | ||
| 700 | 1 | |a Phan Khánh Nguyễn Đan |e Dịch giả | |
| 942 | |2 ddc |c BK | ||
| 952 | |0 0 |1 0 |2 ddc |4 0 |6 158_100000000000000_G234 |7 0 |9 16820 |a 000001 |b 000001 |d 2019-05-10 |o 158.1 G234 |p TK.01415 |r 2019-05-10 |v 149000.00 |w 2019-05-10 |y BK | ||
| 952 | |0 0 |1 0 |2 ddc |4 0 |6 158_100000000000000_G234 |7 0 |9 16821 |a 000001 |b 000001 |d 2019-05-10 |o 158.1 G234 |p TK.01416 |r 2019-05-10 |v 149000.00 |w 2019-05-10 |y BK | ||
| 980 | |a Thư viện Trường Đại học Nam Cần Thơ | ||


